000 01438nam a2200289 a 4500
001 vtls003145453
003 MY-SjTCS
005 20200306154321.0
008 090811s2008 at 001 0 eng
020 _a9780470813454 (pbk.)
039 9 _a201407161325
_bpatrick
_c200908261521
_dsossamma
_c200908261514
_dsossamma
_c200908261505
_dsossamma
_y200908111529
_zradtha
082 0 4 _a616.0019
_bSAR
100 1 _aSarafino, Edward P.,
_d1940-
_922561
245 1 0 _aHealth psychology :
_bbiopsychosocial interactions /
_cEdward P. Sarafino, Marie L. Caltabiano, Don Byrne
250 _a2nd Australasian ed.
260 _aMilton, Qld. :
_bJohn Wiley & Sons (Australia),
_c2008.
300 _axviii, 758 p. :
_bill. ;
_c26 cm.
500 _aPrevious ed.: 2002.
504 _aIncludes bibliographical references ( p. 657-744) and index.
505 2 _aPart 1: An introduction: basic issues and processes. - Part 2: Stress, illness and coping. - Part 3: Lifestyles to enhance health and prevent illness. - Part 4: Becoming ill and getting medical treatment. - Part 5: Physical symptoms: pain and discomfort. - Part 6: Chronic and life-threatening health problems. - Part 7: Looking to the future.
590 _aPsychology : 9698
650 0 _aClinical health psychology
_9203204
650 0 _aPsychology.
_9201815
700 1 _aCaltabiano, Marie L.,
_d1959-
_9210115
700 1 _aByrne, D. G.
_q(Donald Glenn)
_9210116
920 _aCAL : 225629
999 _c27345